000 00418nam a2200157Ia 4500
008 240729s9999 xx 000 0 und d
022 _a2372-4323
245 0 _aAnimal Behavior and Cognition
260 _aUnited States
260 _bAnimal Behavior and Cognition
650 _a Zoology
650 _aScience
856 _uhttps://doaj.org/toc/1b16c60cd5644d96b8bcb250e60da70b
942 _2ddc
942 _cDOAJEJ
999 _c66314
_d66314
945 _a1
_bMadushi Gamage
_c1
_dMadushi Gamage